Devín banka, a.s. Svet medzinárodného bankovníctva
Rozhovor s Ing. Z. Trandžíkovou o pôsobení Devín banky, a.s. Základné vývojové etapy histórie Devín banky, a.s. Niektoré špeciálne služby a produkty, ktoré ponúka Devín banka. Realizácia stanovených cieľov. Filozofia banky pri budovaní pobočiek. Spolupráca Devín banky s NBS a ďalšími subjektami bank...
Salvato in:
| Autore principale: | |
|---|---|
| Altri autori: | |
| Natura: | Capitolo di libro |
| Lingua: | slovacco |
| Soggetti: | |
| Tags: |
Nessun Tag, puoi essere il primo ad aggiungerne!!
|
MARC
| LEADER | 00000naa a2200000 4500 | ||
|---|---|---|---|
| 001 | r026809 | ||
| 005 | 20230606082718.5 | ||
| 041 | 0 | |a slo | |
| 044 | |a SK | ||
| 245 | 1 | 0 | |a Devín banka, a.s. Svet medzinárodného bankovníctva |c Z. Trandžíková, E. Golis |
| 520 | |a Rozhovor s Ing. Z. Trandžíkovou o pôsobení Devín banky, a.s. Základné vývojové etapy histórie Devín banky, a.s. Niektoré špeciálne služby a produkty, ktoré ponúka Devín banka. Realizácia stanovených cieľov. Filozofia banky pri budovaní pobočiek. Spolupráca Devín banky s NBS a ďalšími subjektami bankovej sféry. | ||
| 610 | 2 | 0 | |a Devín banka, a.s. Bratislava |
| 610 | 2 | 0 | |a služby bankové |
| 610 | 2 | 0 | |a produkty |
| 610 | 2 | 0 | |a úver bankový |
| 100 | 1 | |a Trandžíková, Z. | |
| 700 | 1 | |a Golis, E. | |